Be Alright - Dean Lewis Lyrics - Statistics

General Stats
  • This quiz has been taken 272 times
  • The average score is 254 of 364
Answer Stats
Lyric % Correct
I
99%
a
98%
the
98%
you
97%
to
96%
away
95%
it
92%
and
91%
be
90%
your
90%
it's
87%
its
87%
me
86%
but
85%
mate
83%
see
83%
so
83%
look
82%
from
81%
know
81%
on
81%
phone
80%
up
80%
go
79%
love
79%
my
79%
put
79%
friends
78%
her
78%
over
78%
alright
76%
doesn't
76%
let
76%
matter
75%
easy
74%
walk
74%
eyes
73%
it'll
73%
never
73%
say
73%
something
73%
sad
71%
you're
71%
ground
70%
hide
70%
feel
69%
for
69%
said
69%
face
68%
theres
68%
trying
68%
they
67%
made
66%
mind
66%
were
66%
teary
64%
what's
64%
mates
63%
mistake
63%
cigarettes
61%
voice
61%
then
60%
wonder
59%
begins
58%
weren't
58%
counter
57%
break
56%
dumb
56%
hand
56%
start
56%
reach
55%
color
54%
draining
53%
again
52%
cold
51%
of
51%
pull
51%
tremble
51%
not
48%
just
46%
all
45%
that
45%
when
45%
at
43%
messages
43%
okay
43%
sent
42%
shake
42%
was
42%
can't
41%
fucking
40%
like
40%
past
40%
tell
40%
right
39%
head
38%
him
38%
kissed
38%
with
38%
fact
37%
feeling
37%
gonna
37%
hurt
36%
yesterday
36%
wasn't
35%
you'd
35%
back
34%
betrayal
33%
bit
33%
everything
33%
time
33%
could
32%
you'll
32%
moving
31%
seem
30%
gone
29%
deleted
28%
forget
28%
lets
28%
let's
28%
tonight
28%
stay
27%
touched
27%
wanna
27%
bottom's
26%
bottoms
26%
find
26%
fine
24%
should
24%
another
23%
tells
20%
nothing
18%
heals
15%
steal
13%
born
11%
asked
5%
No matching quizzes found
Score Distribution
Percent of People with Each Score
Percentile by Number Answered
Your Score History
You have not taken this quiz